Les variantes de monstres dans Monster Hunter - Statistiques

Statistiques générales
  • Ce quiz a été pris 75 fois
  • Le résultat moyen est 10 sur 18
Statistiques - réponses
Hint Réponse % Correct
Malfestio Lune-noire
80%
Rathian Reine-poison
67%
Rathalos Roi-enfer
67%
Nargacuga Vent-acier
63%
Zinogre Feu-du-ciel
59%
Glavenus Lame-chaos
59%
Yian Garuga Oeil-mort
57%
Tigrex Griffe-sombre
54%
Diablos Bain-de-sang
52%
Arzuros Crâne-ardent
52%
Lagombi Maître-neige
52%
Astalos Prince-orage
50%
Uragaan Roi-cristal
50%
Tetsucabra Brise-roc
46%
Mizutsune Perce-âme
46%
Hermitaur Poing-fer
41%
Gammoth Givre-ancien
39%
Ceanataur Brise-os
33%
Aucun quiz correspondant
Distribution des résultats
% des personnes avec chaque résultat
Percentile par nombre de réponses
Votre historique - résultats
Vous n’avez pas pris ce quiz